How, how the Carabao: (Record no. 2457)
[ view plain ]
| 000 -LEADER | |
|---|---|
| fixed length control field | 00660nam a22001697a 4500 |
| 008 - FIXED-LENGTH DATA ELEMENTS--GENERAL INFORMATION | |
| fixed length control field | 160513b xxu||||| |||| 00| 0 eng d |
| 020 ## - INTERNATIONAL STANDARD BOOK NUMBER | |
| International Standard Book Number | 978-971-0426-09-6 |
| 082 ## - DEWEY DECIMAL CLASSIFICATION NUMBER | |
| Edition number | 2009 |
| Classification number | DFil 899.2104008'0921 |
| Item number | M36 |
| 100 ## - MAIN ENTRY--PERSONAL NAME | |
| 9 (RLIN) | 8116 |
| Personal name | Martin, Isabel Pefianco |
| Relator term | editor. |
| 245 ## - TITLE STATEMENT | |
| Title | How, how the Carabao: |
| Remainder of title | tales of teaching English in the Philippines/ |
| Statement of responsibility, etc. | Isabel Pefianco Martin, editor. |
| 260 ## - PUBLICATION, DISTRIBUTION, ETC. (IMPRINT) | |
| Place of publication, distribution, etc. | Quezon City: |
| Name of publisher, distributor, etc. | Ateneo de Manila University Loyola Schools, |
| Date of publication, distribution, etc. | c2009. |
| 300 ## - PHYSICAL DESCRIPTION | |
| Extent | 61 pages; |
| Dimensions | 23 cm. |
| 650 #0 - SUBJECT ADDED ENTRY--TOPICAL TERM | |
| 9 (RLIN) | 8117 |
| Topical term or geographic name as entry element | Teacher's writings, Philippines. |
| 650 #0 - SUBJECT ADDED ENTRY--TOPICAL TERM | |
| 9 (RLIN) | 8118 |
| Topical term or geographic name as entry element | English language |
| General subdivision | Study and teaching. |
| 650 #0 - SUBJECT ADDED ENTRY--TOPICAL TERM | |
| 9 (RLIN) | 8119 |
| Topical term or geographic name as entry element | Philippine essays. |
| 942 ## - ADDED ENTRY ELEMENTS (KOHA) | |
| Source of classification or shelving scheme | Dewey Decimal Classification |
| Koha item type | Filipiniana |
| Withdrawn status | Lost status | Source of classification or shelving scheme | Damaged status | Not for loan | Collection code | Home library | Current library | Date acquired | Total Checkouts | Full call number | Barcode | Date last seen | Cost, replacement price | Price effective from | Koha item type |
|---|---|---|---|---|---|---|---|---|---|---|---|---|---|---|---|
| Dewey Decimal Classification | Filipiniana | UM Digos College - LIC | UM Digos College - LIC | 09/24/2010 | DFil 899.2104008'0921 M36 2009 | 21039 | 05/15/2025 | 192.00 | 05/13/2016 | Filipiniana |
